Statistics for 60 Second Blitz - Bible Books

Click here to take the quiz!

General Stats

  • This quiz has been taken 624 times
  • The average score is 21 of 66

Answer Stats

Answer % Correct
Genesis
91%
Exodus
88%
John
77%
Numbers
75%
Leviticus
74%
Luke
74%
Mark
74%
Matthew
73%
Ruth
63%
Joshua
58%
Judges
55%
Psalms
55%
Deuteronomy
54%
Acts
53%
Job
51%
Romans
47%
Revelation
46%
Esther
44%
1 Kings
44%
2 Kings
43%
Proverbs
43%
1 Samuel
37%
2 Samuel
36%
1 John
34%
Jude
32%
2 John
32%
3 John
30%
Ezra
29%
Isaiah
24%
Nehemiah
23%
1 Chronicles
21%
Jeremiah
21%
Jonah
21%
Ephesians
20%
2 Chronicles
20%
Amos
19%
1 Peter
19%
James
19%
1 Corinthians
18%
Galatians
18%
Daniel
18%
Joel
17%
Ezekiel
17%
Song of Solomon
17%
2 Peter
17%
Ecclesiastes
15%
2 Corinthians
14%
Titus
14%
Hosea
14%
Obadiah
14%
Hebrews
14%
Micah
13%
Lamentations
12%
Malachi
12%
Philemon
12%
Nahum
12%
Haggai
10%
Colossians
10%
Philippians
10%
1 Timothy
9%
2 Timothy
8%
Habakkuk
7%
Zechariah
5%
Zephaniah
4%
1 Thessalonians
4%
2 Thessalonians
3%

Score Distribution

Percentile by Number Answered

Percent of People with Each Score

Your Score History

You have not taken this quiz